Annus pro hominibus Societatis Jesu meditandi usus

Rozjímania na jednotlivé dni v roku pre členov jezuitskej rehole. Kniha bola pôvodne napísaná v probačnom, noviciátnom dome jezuitov u sv. Anny vo Viedni

Podrobná bibliografia
Médium: Rukopis Kniha
Jazyk:latinčina
Fyzický popis:539 nečíslovaných strán rukopis, perg., viazaný 14 cm
Vydavateľské údaje: Viennae 1641
Predmet:

MARC

LEADER 00000ntmaa2200000 a 4500
001 vtls011706149
003 SK-MaSNL
005 20260301094618.0
008 230802s1641 au || 000 1 lat
035 |a urn:nbn:sk:snk-tm00capu 
035 |a urn:nbn:sk:snk-tm3n2e3 
035 |a 71851A07-8923-4ADC-B746-E0E1B0C36082 
040 |a SNKLA  |b slo  |c SNKLA  |e AACR2 
041 0 |a lat 
044 |a au  |c AT 
072 7 |a 27-78  |x Kresťanské združenia, spolky a organizácie. Rehoľné rády  |2 konspekt 
080 |a 27-789.5  |2 2011 
080 |a 2-29  |2 2011 
080 |a 025.171  |2 2011 
245 0 0 |a Annus pro hominibus Societatis Jesu meditandi usus  |c [scripsit] Martin Valov(its) 
260 |a Viennae  |c 1641 
300 |a 539 nečíslovaných strán  |b rukopis, perg., viazaný  |c 14 cm 
500 |a Na chrbte knihy signatúra atramentom 1485, na nej nalepený štítok so signatúrou 1483 
500 |a Na konci textu knihy záznam pisateľa o vysvätení na subdiakona roku 1678 
520 2 |a Rozjímania na jednotlivé dni v roku pre členov jezuitskej rehole. Kniha bola pôvodne napísaná v probačnom, noviciátnom dome jezuitov u sv. Anny vo Viedni 
555 0 |a Inventár rukopisov Archívu literatúry a umenia Matice slovenskej. Rukopisy historických knižníc na Slovensku I. Martin: Matica slovenská 1992 
561 |a Oválna pečiatka: Sigillum Conventus Malackaensis P. P. Franciscanorum 
561 |a Vlastnícke zápisy na titulnej strane: Inscriptus cathalogo Fran. Petráss 1747, Georgii Szvatok anno 1715, Ex libris p. r. domini Martini Valov(its) 1678 
610 2 7 |a Františkáni (Malacky, Slovensko)  |b Mariánska provincia  |2 SNKLA  |9 348552 
610 2 7 |a Jezuiti  |2 SNKKA  |9 30953 
655 7 |a náboženská literatúra  |2 SNKPH  |9 281482 
655 7 |a rukopisy  |2 SNKPH  |9 70548 
700 1 |a Valovič, Martin  |4 trc  |4 fmo  |9 428673 
700 1 |a Petráš, František  |4 fmo  |9 273290 
700 1 |a Svatok, Juraj  |4 fmo  |9 428674 
752 |a Rakúsko  |d Viedeň 
852 |a Slovenská národná knižnica  |b Literárny archív 
958 |a ZH 
958 |a LAVD 
999 |c 680804  |d 682734 
952 |a SNKLA  |b SNKLA  |c SNKLA_DEP  |y NEVYP  |7 0  |p 17A1226138  |o snkRHKS 745  |0 0  |1 0  |4 0  |d 2017-08-08  |f 1  |l 0  |r 2026-02-23 19:56:04  |w 2026-02-23